[Event "Rilton Cup 51st"]
[Site "Stockholm"]
[Date "2023.12.31"]
[Round "5"]
[White "Wiebe, Patrick Martin"]
[Black "Ljung, Harald"]
[Result "1/2-1/2"]
[WhiteElo "2254"]
[BlackElo "2120"]
[PlyCount "77"]
[EventDate "2023.12.27"]
[EventType "swiss"]
[EventRounds "9"]
[EventCountry "SWE"]
[SourceTitle "CB02_2024"]
[SourceDate "2024.01.10"]
[SourceVersion "1"]
[SourceVersionDate "2024.01.10"]
[SourceQuality "1"]

1. c4 Nf6 2. g3 g6 3. Bg2 Bg7 4. Nc3 e5 5. e4 0-0 6. Nge2 d6 7. 0-0 Nc6 8. d3 Nh5 9. Rb1 f5 10. Nd5 f4 11. gxf4 Qh4 12. f3 Rf7 13. Qe1 Qxe1 14. Rxe1 exf4 15. b4 Ne5 16. Rd1 g5 17. h3 Nf6 18. Bb2 Nxd5 19. cxd5 Bd7 20. Bxe5 Bxe5 21. d4 Bh8 22. Rbc1 Rc8 23. Kf2 h5 24. Nc3 Kf8 25. Ke2 Ke7 26. a4 g4 27. hxg4 hxg4 28. Kd3 Rg7 29. e5 gxf3 30. Bxf3 Rg3 31. Ke4 dxe5 32. dxe5 Bxe5 33. Kxe5 Rxf3 34. Rh1 Re8 35. Kd4 Kd8 36. Rcf1 Rxf1 37. Rxf1 Rf8 38. Ke4 Re8+ 39. Kd4 1/2-1/2

[Event "Rilton Cup 51st"]
[Site "Stockholm"]
[Date "2023.12.30"]
[Round "4"]
[White "Dylag, Emilia"]
[Black "Wiebe, Patrick Martin"]
[Result "1/2-1/2"]
[WhiteElo "2092"]
[BlackElo "2254"]
[PlyCount "69"]
[EventDate "2023.12.27"]
[EventType "swiss"]
[EventRounds "9"]
[EventCountry "SWE"]
[SourceTitle "CB02_2024"]
[SourceDate "2024.01.10"]
[SourceVersion "1"]
[SourceVersionDate "2024.01.10"]
[SourceQuality "1"]

1. d4 d5 2. c4 c6 3. Nf3 Nf6 4. g3 dxc4 5. Ne5 Be6 6. Bg2 Nbd7 7. Nf3 Bd5 8. 0-0 e6 9. Nbd2 c5 10. Qc2 cxd4 11. Nxd4 Bxg2 12. Kxg2 Nb6 13. N2f3 Bc5 14. Rd1 Qe7 15. e4 h6 16. a4 a5 17. Bf4 0-0 18. Nb5 Rfd8 19. Bc7 Rxd1 20. Rxd1 Rc8 21. Bxb6 Bxb6 22. Nd6 Rd8 23. Nxc4 Rxd1 24. Qxd1 Qc5 25. Nxb6 Qxb6 26. Qc2 g5 27. e5 Nd5 28. h3 Kg7 29. b3 Qb4 30. Qd3 g4 31. hxg4 Qxg4 32. Qd4 Qf5 33. Nd2 Qc2 34. Qg4+ Kf8 35. Qd4 1/2-1/2

[Event "Erfurt op 28th"]
[Site "Erfurt"]
[Date "2018.12.29"]
[Round "6"]
[White "Rollot, Florence"]
[Black "Wiebe, Patrick Martin"]
[Result "0-1"]
[WhiteElo "1958"]
[BlackElo "2236"]
[PlyCount "90"]
[EventDate "2018.12.26"]
[EventType "swiss"]
[EventRounds "8"]
[EventCountry "GER"]
[SourceTitle "CBM 188 Extra"]
[Source "ChessBase"]
[SourceDate "2019.02.26"]
[SourceVersion "1"]
[SourceVersionDate "2019.02.26"]
[SourceQuality "1"]

1. Nf3 d5 2. c4 c6 3. b3 Nf6 4. Bb2 Bf5 5. d3 Nbd7 6. g3 h6 7. Nbd2 e6 8. Bg2 Be7 9. 0-0 0-0 10. Re1 Bh7 11. Qc2 a5 12. a3 Qb6 13. Bd4 Bc5 14. Bxc5 Qxc5 15. Qb2 Qb6 16. h3 Rfe8 17. e4 Nc5 18. Ne5 dxe4 19. dxe4 Red8 20. Qc3 Nfd7 21. Nef3 Nf6 22. Ne5 Qc7 23. Re3 Rxd2 24. Qxd2 Qxe5 25. Rae1 Qc7 26. e5 Rd8 27. Qc3 Ne8 28. b4 axb4 29. axb4 Na4 30. Qb3 Nb6 31. Rc1 Rd4 32. b5 c5 33. f4 h5 34. h4 Bf5 35. Bf3 g6 36. Rcc3 Ng7 37. Qa2 Bg4 38. Bxg4 hxg4 39. Re1 Nf5 40. Qe2 Qd7 41. Qxg4 Rd2 42. Rf3 Qd4+ 43. Kh1 Nxc4 44. h5 Nxe5 45. Rxe5 Qa1+ 0-1

[Event "Erfurt op 28th"]
[Site "Erfurt"]
[Date "2018.12.27"]
[Round "3"]
[White "Wiebe, Patrick Martin"]
[Black "Schmidt, Martin"]
[Result "1/2-1/2"]
[WhiteElo "2236"]
[BlackElo "2089"]
[PlyCount "88"]
[EventDate "2018.12.26"]
[EventType "swiss"]
[EventRounds "8"]
[EventCountry "GER"]
[SourceTitle "CBM 188 Extra"]
[Source "ChessBase"]
[SourceDate "2019.02.26"]
[SourceVersion "1"]
[SourceVersionDate "2019.02.26"]
[SourceQuality "1"]

1. c4 Nf6 2. g3 g6 3. Bg2 Bg7 4. Nc3 0-0 5. e4 d6 6. Nge2 c5 7. d3 Nc6 8. 0-0 Ne8 9. a3 Nc7 10. Rb1 Ne6 11. b4 Ned4 12. h3 Rb8 13. Kh2 e5 14. Be3 h6 15. f4 exf4 16. Bxf4 Nxe2 17. Nxe2 Ne5 18. g4 Be6 19. Qd2 g5 20. Bg3 a6 21. Nc3 b5 22. cxb5 axb5 23. Nd5 c4 24. dxc4 Nxc4 25. Qd3 Ra8 26. Rb3 Re8 27. Rf2 Ra7 28. Qf3 Bxd5 29. exd5 Rae7 30. Bf1 Qd7 31. Qf5 Qxf5 32. gxf5 Bd4 33. Ra2 Be5 34. Bxc4 bxc4 35. Rf3 Rc8 36. Rc2 Bxg3+ 37. Kxg3 Re5 38. a4 Rxd5 39. Rfc3 Rd4 40. b5 d5 41. b6 Rb8 42. a5 Rd1 43. Ra2 Rb1 44. Kf3 Kf8 1/2-1/2

[Event "Dortmund Sparkassen op-A 45th"]
[Site "Dortmund"]
[Date "2017.07.21"]
[Round "7"]
[White "Boesel, Alexander"]
[Black "Wiebe, Patrick Martin"]
[Result "0-1"]
[WhiteElo "1963"]
[BlackElo "2229"]
[PlyCount "82"]
[EventDate "2017.07.15"]
[EventType "swiss"]
[EventRounds "9"]
[EventCountry "GER"]
[SourceTitle "CBM 179 Extra"]
[Source "ChessBase"]
[SourceDate "2017.08.23"]
[SourceVersion "1"]
[SourceVersionDate "2017.08.23"]
[SourceQuality "1"]

1. e4 e6 2. d4 d5 3. Nd2 Nf6 4. e5 Nfd7 5. Bd3 c5 6. c3 Nc6 7. Ne2 cxd4 8. cxd4 f6 9. exf6 Nxf6 10. Nf3 Bd6 11. 0-0 Qc7 12. h3 0-0 13. Re1 Bd7 14. Be3 Rae8 15. Rc1 Re7 16. Nc3 a6 17. Bb1 Qb8 18. Qd3 Be8 19. Qd2 Bh5 20. Nh4 Qe8 21. f4 Na5 22. b3 Ba3 23. Rc2 Bb4 24. Qd3 Nc6 25. Bc1 Bg6 26. Nxg6 Qxg6 27. Qxg6 hxg6 28. Rd1 Nh5 29. Ne2 Bd6 30. g4 Nf6 31. Rc3 Kf7 32. Kg2 Rc7 33. Ng1 Ne4 34. Bxe4 dxe4 35. a3 Rfc8 36. b4 Ne7 37. Rxc7 Rxc7 38. Ne2 Nd5 39. Kf2 Rc2 40. Ke1 e3 41. Kf1 Nxf4 0-1

[Event "Dortmund Sparkassen op-A 45th"]
[Site "Dortmund"]
[Date "2017.07.18"]
[Round "4"]
[White "Wiebe, Patrick Martin"]
[Black "Nalbandian, Tigran"]
[Result "0-1"]
[WhiteElo "2229"]
[BlackElo "2458"]
[PlyCount "74"]
[EventDate "2017.07.15"]
[EventType "swiss"]
[EventRounds "9"]
[EventCountry "GER"]
[SourceTitle "CBM 179 Extra"]
[Source "ChessBase"]
[SourceDate "2017.08.23"]
[SourceVersion "1"]
[SourceVersionDate "2017.08.23"]
[SourceQuality "1"]

1. c4 Nf6 2. Nf3 g6 3. b4 Bg7 4. Bb2 0-0 5. g3 d6 6. Bg2 e5 7. 0-0 c6 8. d3 Re8 9. Na3 Nbd7 10. Rc1 a5 11. b5 c5 12. e3 Nf8 13. Re1 Bd7 14. Nd2 Bg4 15. f3 Bf5 16. Qe2 b6 17. Ne4 Be6 18. Qf2 Ra7 19. f4 Ng4 20. Qf1 f5 21. Ng5 exf4 22. Bxg7 Qxg5 23. Bxf8 f3 24. Qxf3 Kxf8 25. Qf4 Qxf4 26. gxf4 Rae7 27. h3 Nf6 28. Kf2 h6 29. Nb1 d5 30. Nd2 Rd8 31. Red1 d4 32. e4 Nh5 33. Nf3 fxe4 34. dxe4 Nxf4 35. Ne5 Bd7 36. Nxd7+ Rdxd7 37. Rf1 Kg7 0-1

[Event "Dortmund Sparkassen op-A 45th"]
[Site "Dortmund"]
[Date "2017.07.16"]
[Round "2"]
[White "Wuebker, Paul Luca"]
[Black "Wiebe, Patrick Martin"]
[Result "0-1"]
[WhiteElo "2042"]
[BlackElo "2229"]
[PlyCount "84"]
[EventDate "2017.07.15"]
[EventType "swiss"]
[EventRounds "9"]
[EventCountry "GER"]
[SourceTitle "CBM 179 Extra"]
[Source "ChessBase"]
[SourceDate "2017.08.23"]
[SourceVersion "1"]
[SourceVersionDate "2017.08.23"]
[SourceQuality "1"]

1. d4 f5 2. c4 Nf6 3. Nc3 e6 4. e3 d5 5. Bd3 c6 6. Nf3 Bd6 7. 0-0 0-0 8. Rb1 Ne4 9. Ne2 Nd7 10. b4 Qf6 11. Qa4 g5 12. c5 Bc7 13. b5 e5 14. bxc6 bxc6 15. Bb2 Qh6 16. Bxe4 fxe4 17. Nxe5 Nxe5 18. dxe5 a5 19. Ng3 Ba6 20. Qd4 Rae8 21. f4 Re6 22. Qd2 Bxf1 23. Rxf1 gxf4 24. exf4 Bxe5 25. Bc1 Bg7 26. Ne2 Qh5 27. Qc2 d4 28. Ng3 Qd5 29. f5 Ree8 30. Qe2 Kh8 31. Nh5 Rxf5 32. Nxg7 Rxf1+ 33. Kxf1 Qf7+ 34. Kg1 Qxg7 35. Bb2 Qe5 36. Qc4 Rd8 37. Qf7 e3 38. Kf1 Qg7 39. Qe6 Qf8+ 40. Ke2 Qf2+ 41. Kd3 Qd2+ 42. Kc4 Qc2+ 0-1

[Event "Dortmund Sparkassen op-A 44th"]
[Site "Dortmund"]
[Date "2016.07.12"]
[Round "4"]
[White "Koellner, Christoph"]
[Black "Wiebe, Patrick Martin"]
[Result "0-1"]
[WhiteElo "2133"]
[BlackElo "2187"]
[PlyCount "60"]
[EventDate "2016.07.09"]
[EventType "swiss"]
[EventRounds "9"]
[EventCountry "GER"]
[SourceTitle "CBM 173 Extra"]
[Source "ChessBase"]
[SourceDate "2016.08.29"]
[SourceVersion "1"]
[SourceVersionDate "2016.08.29"]
[SourceQuality "1"]

1. Nf3 d5 2. c4 c6 3. e3 Nf6 4. d4 Bf5 5. Bd3 Bxd3 6. Qxd3 e6 7. Nc3 Bb4 8. 0-0 0-0 9. Bd2 Nbd7 10. a3 Bxc3 11. Bxc3 Ne4 12. Ne5 Nxe5 13. dxe5 Qc7 14. f4 g6 15. Be1 b5 16. cxb5 cxb5 17. Bh4 Qc4 18. Qd1 Rfc8 19. Rc1 Qa2 20. Qd4 Rc4 21. Rxc4 Qxc4 22. Be7 a5 23. Qxc4 bxc4 24. Rc1 Rb8 25. Rc2 Rb3 26. Bd8 c3 27. Bf6 h6 28. g3 Nxf6 29. bxc3 Ng4 30. c4 Nxe3 0-1

[Event "GER CupT prel5"]
[Site "Kamen"]
[Date "2016.01.23"]
[Round "1.4"]
[White "Thieme Garmann, Alexander"]
[Black "Wiebe, Patrick Martin"]
[Result "1/2-1/2"]
[WhiteElo "1987"]
[BlackElo "2154"]
[PlyCount "82"]
[EventDate "2016.01.23"]
[EventType "team-k.o."]
[EventRounds "2"]
[EventCountry "GER"]
[SourceTitle "EXT 2017"]
[Source "ChessBase"]
[SourceDate "2016.10.25"]
[SourceVersion "1"]
[SourceVersionDate "2016.10.25"]
[SourceQuality "1"]
[WhiteTeam "Koblenz 25"]
[BlackTeam "Nordhorn Blanke"]
[WhiteTeamCountry "GER"]
[BlackTeamCountry "GER"]

1. c4 e5 2. g3 Nc6 3. Bg2 g6 4. Nc3 Bg7 5. e4 d6 6. Nge2 Be6 7. d3 Qd7 8. h3 h6 9. Rb1 Nge7 10. b4 0-0 11. Nd5 Kh7 12. h4 Rae8 13. h5 g5 14. b5 Nd4 15. Nxd4 exd4 16. Nxe7 Rxe7 17. 0-0 Bg4 18. Bf3 Bxf3 19. Qxf3 f5 20. exf5 Qxf5 21. Qxf5+ Rxf5 22. Rb3 c5 23. Ra3 b6 24. Kg2 d5 25. g4 Rfe5 26. cxd5 Rxd5 27. f4 gxf4 28. Bxf4 Rdd7 29. Rf2 Be5 30. Bd2 Rg7 31. Kh3 Rdf7 32. Rxf7 Rxf7 33. Kg2 Bb8 34. Rb3 Kg7 35. Rb1 Bf4 36. Be1 Re7 37. Kf3 Bg5 38. Bf2 Rf7+ 39. Ke2 Re7+ 40. Kf3 Rf7+ 41. Ke2 Re7+ 1/2-1/2

[Event "Oberliga Nord W 1516"]
[Site "Germany"]
[Date "2015.10.11"]
[Round "2.8"]
[White "Juhnke, Juergen"]
[Black "Wiebe, Patrick Martin"]
[Result "1-0"]
[WhiteElo "2185"]
[BlackElo "2197"]
[PlyCount "150"]
[EventDate "2015.09.20"]
[EventType "team-tourn"]
[EventRounds "9"]
[EventCountry "GER"]
[SourceTitle "CBM 170 Extra"]
[Source "ChessBase"]
[SourceDate "2016.02.25"]
[SourceVersion "1"]
[SourceVersionDate "2016.02.25"]
[SourceQuality "1"]
[WhiteTeam "Lister Turm"]
[BlackTeam "Nordhorn Blanke"]
[WhiteTeamCountry "GER"]
[BlackTeamCountry "GER"]

1. e4 e6 2. d4 d5 3. Nd2 Nf6 4. e5 Nfd7 5. f4 c5 6. c3 Nc6 7. Ndf3 Qb6 8. g3 cxd4 9. cxd4 Be7 10. Bh3 0-0 11. Ne2 f6 12. Bxe6+ Kh8 13. exf6 Bb4+ 14. Bd2 Nxf6 15. Bxc8 Raxc8 16. 0-0 Bxd2 17. Qxd2 Ne4 18. Qd3 Rfe8 19. a3 Na5 20. Nc3 Qb3 21. Ng5 Nxg5 22. fxg5 Qxb2 23. Rfe1 Rxe1+ 24. Rxe1 Rf8 25. Nd1 Qb6 26. Re5 Qc6 27. Nc3 Nc4 28. Rxd5 Nxa3 29. Rc5 Qd7 30. Ne2 Qf7 31. Nf4 Qa2 32. d5 Re8 33. Qe3 Rg8 34. Qe6 Qb1+ 35. Kg2 Qb2+ 36. Kh3 Qb6 37. Qxb6 axb6 38. Rc7 Rb8 39. Rc3 Nb5 40. Rb3 Nd6 41. Rxb6 Nc4 42. Rb4 b5 43. Kg4 Kg8 44. Kf5 Kf7 45. Ke4 Nd6+ 46. Ke5 Ke7 47. Ne6 Nf7+ 48. Kd4 Kd6 49. Nxg7 Nxg5 50. Nf5+ Kd7 51. Kc5 Nf3 52. Rg4 Rc8+ 53. Kxb5 Rb8+ 54. Kc5 Rc8+ 55. Kb6 Rb8+ 56. Ka6 Rb2 57. Rg7+ Kd8 58. Nd6 Rxh2 59. Nb7+ Ke8 60. d6 Rh6 61. Kb6 Nd4 62. Re7+ Kf8 63. Re4 Ne6 64. Nc5 Nd8 65. Kc7 Nf7 66. Ne6+ Kg8 67. Rg4+ Kh8 68. Re4 Rh2 69. Rf4 Kg8 70. Kd7 h5 71. Ke7 Nxd6 72. Kxd6 Rh3 73. Rf8+ Kh7 74. Ng5+ Kg7 75. Nxh3 Kxf8 1-0

[Event "Pardubice Czech op-A 26th"]
[Site "Pardubice"]
[Date "2015.07.24"]
[Round "1"]
[White "Wiebe, Patrick Martin"]
[Black "Deac, Bogdan Daniel"]
[Result "1-0"]
[WhiteElo "2205"]
[BlackElo "2443"]
[PlyCount "119"]
[EventDate "2015.07.24"]
[EventType "swiss"]
[EventRounds "9"]
[EventCountry "CZE"]
[SourceTitle "CBM 167 Extra"]
[Source "ChessBase"]
[SourceDate "2015.09.14"]
[SourceVersion "1"]
[SourceVersionDate "2015.09.14"]
[SourceQuality "1"]

1. c4 d6 2. g3 g6 3. Bg2 Bg7 4. Nc3 c5 5. a3 Nc6 6. d3 e6 7. Rb1 Nge7 8. h4 h6 9. Bd2 d5 10. cxd5 exd5 11. Nh3 d4 12. Na4 b6 13. Nf4 Bf5 14. b4 c4 15. dxc4 Bxb1 16. Qxb1 Rc8 17. Nb2 Ne5 18. Qa2 0-0 19. 0-0 Qd6 20. Nfd3 Nf5 21. c5 bxc5 22. Nxc5 Qe7 23. Nbd3 Ng4 24. Bf3 Nf6 25. Nf4 Kh8 26. Kg2 Rfe8 27. Rd1 h5 28. Qb1 Nd6 29. Nce6 Nc4 30. Nxg7 Kxg7 31. Bc1 Red8 32. Qb3 Ne4 33. Nd3 Nc3 34. Re1 Ne5 35. Nxe5 Qxe5 36. Bf4 Qe7 37. Qb2 f6 38. Qd2 Rd7 39. Kh2 Qe6 40. Qd3 Qc4 41. g4 hxg4 42. Bxg4 Qxd3 43. exd3 f5 44. Bf3 Kf7 45. Re5 Re7 46. Ra5 Nb1 47. Bd5+ Ke8 48. Bg5 Rec7 49. Be6 Rc3 50. Rxa7 R3c7 51. Ra5 Rc3 52. Re5 Rb8 53. Bxf5+ Kf8 54. Bxg6 Nxa3 55. h5 Ra8 56. Be4 Rb8 57. h6 Rc7 58. h7 Kg7 59. Bf4 Kh8 60. Rh5 1-0

[Event "Delft Prinsenstad op-A 8th"]
[Site "Delft"]
[Date "2015.04.05"]
[Round "6"]
[White "Nguyen, Kevin"]
[Black "Wiebe, Patrick Martin"]
[Result "0-1"]
[WhiteElo "2043"]
[BlackElo "2200"]
[PlyCount "62"]
[EventDate "2015.04.03"]
[EventType "swiss"]
[EventRounds "6"]
[EventCountry "NED"]
[SourceTitle "CBM 165 Extra"]
[Source "ChessBase"]
[SourceDate "2015.04.21"]
[SourceVersion "1"]
[SourceVersionDate "2015.04.21"]
[SourceQuality "1"]

1. e4 e6 2. d4 d5 3. Nd2 Be7 4. Ngf3 Nf6 5. Bd3 c5 6. c3 Nc6 7. 0-0 cxd4 8. cxd4 Qb6 9. exd5 exd5 10. Nb3 0-0 11. Re1 Bg4 12. Bg5 h6 13. Bh4 Rfe8 14. Re3 Ne4 15. Bxe4 dxe4 16. Rxe4 f5 17. Rxe7 Nxe7 18. Bg3 Ng6 19. h3 Bh5 20. Qd3 f4 21. Bh2 Rad8 22. Rd1 Qf6 23. Rf1 Nh4 24. Qc4+ Kh8 25. Nxh4 Be2 26. Qc2 Qxh4 27. Rc1 Qg5 28. Qd2 Bf3 29. g3 fxg3 30. Bxg3 Qh5 31. Qf4 Re4 0-1

[Event "Oberliga Nord W 1415"]
[Site "Germany"]
[Date "2014.11.09"]
[Round "3.8"]
[White "Degro, Heiko"]
[Black "Wiebe, Patrick Martin"]
[Result "1/2-1/2"]
[WhiteElo "2041"]
[BlackElo "2176"]
[PlyCount "143"]
[EventDate "2014.09.22"]
[EventType "team-tourn"]
[EventRounds "9"]
[EventCountry "GER"]
[SourceTitle "EXT 2016"]
[Source "ChessBase"]
[SourceDate "2015.10.08"]
[SourceVersion "1"]
[SourceVersionDate "2015.10.08"]
[SourceQuality "1"]
[WhiteTeam "Hannover"]
[BlackTeam "Nordhorn Blanke"]
[WhiteTeamCountry "GER"]
[BlackTeamCountry "GER"]

1. e4 e6 2. d4 d5 3. Nd2 Be7 4. Bd3 Nf6 5. e5 Nfd7 6. Qg4 g6 7. Ne2 c5 8. c3 Nc6 9. 0-0 cxd4 10. cxd4 Nf8 11. Nf3 Bd7 12. Bg5 Bxg5 13. Nxg5 h6 14. Nf3 Nb4 15. Bb1 Bb5 16. Re1 Bd3 17. a3 Nc2 18. Bxc2 Bxc2 19. h4 Nh7 20. Ng3 Qe7 21. Rec1 Ba4 22. Rc3 Bc6 23. Rac1 0-0-0 24. b4 Kb8 25. Rc5 Rc8 26. Nd2 Ba4 27. Qf3 b6 28. Rxc8+ Rxc8 29. Rxc8+ Kxc8 30. h5 Be8 31. Qc3+ Qc7 32. Qxc7+ Kxc7 33. hxg6 fxg6 34. Ne2 Nf8 35. f4 Bb5 36. Nc3 Bd3 37. Kf2 a6 38. Ke3 Bf5 39. Kf3 Bc2 40. Nf1 Bd3 41. Ne3 Kc6 42. Ng4 h5 43. Nf6 Nd7 44. Nxd7 Kxd7 45. g4 hxg4+ 46. Kxg4 a5 47. Kg5 axb4 48. axb4 Ke7 49. Na4 b5 50. Nc5 Bf5 51. Nb7 Bc2 52. Nd6 Bd3 53. Kh6 Kf8 54. Kg5 Kg7 55. Nb7 Bc2 56. Nd8 Bf5 57. Nc6 Be4 58. Na7 Bd3 59. Nc8 Bf5 60. Nb6 Be4 61. Na8 Bd3 62. Nc7 Kf7 63. Kh6 Be2 64. Na6 Bd3 65. Nc5 Bc2 66. Nb7 Bd3 67. Nd8+ Ke7 68. Nc6+ Kf7 69. Nd8+ Ke7 70. Nb7 Kf7 71. Nd6+ Kf8 72. Nc8 1/2-1/2

[Event "Goch op 25th"]
[Site "Goch"]
[Date "2014.09.06"]
[Round "5"]
[White "Krebbers, Wilfried"]
[Black "Wiebe, Patrick Martin"]
[Result "1/2-1/2"]
[WhiteElo "2089"]
[BlackElo "2199"]
[PlyCount "48"]
[EventDate "2014.09.04"]
[EventType "swiss"]
[EventRounds "7"]
[EventCountry "GER"]
[SourceTitle "EXT 2016"]
[Source "ChessBase"]
[SourceDate "2015.10.08"]
[SourceVersion "1"]
[SourceVersionDate "2015.10.08"]
[SourceQuality "1"]

1. b4 e5 2. Bb2 Bxb4 3. Bxe5 Nf6 4. e3 d5 5. Nf3 0-0 6. Be2 c5 7. 0-0 Nc6 8. Bb2 Re8 9. d3 Bg4 10. Nbd2 Bxd2 11. Nxd2 Bxe2 12. Qxe2 Qe7 13. a4 b6 14. c4 Rad8 15. Rfd1 Nd4 16. Qf1 Nc6 17. cxd5 Nxd5 18. Nf3 Ndb4 19. Qe2 Qe6 20. d4 Qb3 21. Ra3 Qd5 22. Raa1 Qb3 23. Ra3 Qd5 24. Raa1 Qb3 1/2-1/2

[Event "Goch op 25th"]
[Site "Goch"]
[Date "2014.09.04"]
[Round "1"]
[White "Wiebe, Patrick Martin"]
[Black "May, Holger"]
[Result "1-0"]
[WhiteElo "2199"]
[BlackElo "1842"]
[PlyCount "53"]
[EventDate "2014.09.04"]
[EventType "swiss"]
[EventRounds "7"]
[EventCountry "GER"]
[SourceTitle "EXT 2016"]
[Source "ChessBase"]
[SourceDate "2015.10.08"]
[SourceVersion "1"]
[SourceVersionDate "2015.10.08"]
[SourceQuality "1"]

1. c4 c5 2. g3 Nc6 3. Bg2 g6 4. Nc3 Bg7 5. a3 Nf6 6. e3 0-0 7. Nge2 d6 8. 0-0 Bg4 9. h3 Bd7 10. Rb1 Qc8 11. Kh2 Rb8 12. b4 cxb4 13. axb4 Ne5 14. d3 a6 15. f4 Nc6 16. b5 Nd8 17. e4 axb5 18. Nxb5 Bxb5 19. cxb5 Ne6 20. Be3 Qd7 21. d4 Rfc8 22. Qb3 Rc7 23. e5 Ne8 24. b6 Rcc8 25. Bd5 Nd8 26. Bxf7+ Kh8 27. e6 1-0

[Event "Berlin Lichtenberger op 13th"]
[Site "Berlin"]
[Date "2014.08.22"]
[Round "7"]
[White "Wiebe, Patrick Martin"]
[Black "Heinig, Wolfram"]
[Result "1/2-1/2"]
[WhiteElo "2176"]
[BlackElo "2299"]
[PlyCount "40"]
[EventDate "2014.08.16"]
[EventType "swiss"]
[EventRounds "9"]
[EventCountry "GER"]
[SourceTitle "CBM 161 Extra"]
[Source "ChessBase"]
[SourceDate "2014.08.29"]
[SourceVersion "1"]
[SourceVersionDate "2014.08.29"]
[SourceQuality "1"]

1. c4 Nf6 2. g3 g6 3. Bg2 Bg7 4. Nc3 0-0 5. d3 c5 6. e4 Nc6 7. Nge2 d6 8. 0-0 Bd7 9. a3 Ne8 10. Re1 a5 11. f4 Nc7 12. f5 Rb8 13. a4 Ne5 14. Nf4 e6 15. fxe6 fxe6 16. Nb5 Nxb5 17. axb5 Qe7 18. Qe2 Rf7 19. Bd2 b6 20. h4 Rbf8 1/2-1/2

[Event "Norderstedt op"]
[Site "Norderstedt"]
[Date "2013.03.30"]
[Round "4"]
[White "Wiebe, Patrick Martin"]
[Black "Poghosyan, Tigran"]
[Result "1/2-1/2"]
[WhiteElo "2185"]
[BlackElo "1953"]
[PlyCount "22"]
[EventDate "2013.03.28"]
[EventType "swiss"]
[EventRounds "9"]
[EventCountry "GER"]
[SourceTitle "EXT 2015"]
[Source "ChessBase"]
[SourceDate "2014.11.20"]
[SourceVersion "1"]
[SourceVersionDate "2014.11.20"]
[SourceQuality "1"]

1. d4 Nf6 2. g3 g6 3. Bg2 Bg7 4. Nf3 d5 5. 0-0 0-0 6. c4 c5 7. dxc5 dxc4 8. Ne5 Qc7 9. Nxc4 Qxc5 10. Nba3 Nc6 11. Be3 Qf5 1/2-1/2

[Event "Norderstedt op"]
[Site "Norderstedt"]
[Date "2013.03.29"]
[Round "3"]
[White "Sergeev, Vladimir"]
[Black "Wiebe, Patrick Martin"]
[Result "1-0"]
[WhiteElo "2469"]
[BlackElo "2185"]
[PlyCount "135"]
[EventDate "2013.03.28"]
[EventType "swiss"]
[EventRounds "9"]
[EventCountry "GER"]
[SourceTitle "EXT 2015"]
[Source "ChessBase"]
[SourceDate "2014.11.20"]
[SourceVersion "1"]
[SourceVersionDate "2014.11.20"]
[SourceQuality "1"]

1. Nf3 d5 2. c4 c6 3. e3 Nf6 4. Nc3 g6 5. d4 Bg7 6. Be2 0-0 7. 0-0 Nbd7 8. h3 a6 9. a4 b6 10. b4 dxc4 11. Bxc4 c5 12. Qb3 cxb4 13. Qxb4 Bb7 14. Ba3 Rc8 15. Rac1 e6 16. Qb3 Re8 17. Na2 Ne4 18. Rfd1 Ndf6 19. Nb4 a5 20. Nd3 Bd5 21. Nfe5 Bf8 22. Bxf8 Rxf8 23. Nf4 Qd6 24. f3 Ng3 25. Kf2 Nf5 26. g4 Ne7 27. Rc3 Rc7 28. Rdc1 Rfc8 29. g5 Nh5 30. Nxh5 gxh5 31. Bxd5 Rxc3 32. Rxc3 Rxc3 33. Qxc3 exd5 34. Qc2 Kg7 35. Kg2 h6 36. gxh6+ Qxh6 37. Kf2 Qg5 38. Qc7 Qh4+ 39. Ke2 Qf6 40. Qd8 Qe6 41. Qd7 Nc8 42. Kd3 Nd6 43. Kc3 Nf5 44. e4 dxe4 45. fxe4 Nd6 46. Qc6 Qxh3+ 47. Nd3 Qe6 48. e5 Nf5 49. Qe4 Qc8+ 50. Kb3 Ne7 51. d5 Qg4 52. Qxg4+ hxg4 53. Kc4 g3 54. Nf4 Kh6 55. Ng2 Kg5 56. d6 Nc6 57. Kd5 Nd8 58. d7 Kg4 59. Ke4 Kh3 60. Kf3 Kh2 61. Nf4 Nc6 62. Ke4 g2 63. Nxg2 Kxg2 64. Kd5 Nd8 65. Kd6 Kf3 66. Kc7 Ne6+ 67. Kxb6 Ke4 68. Kb5 1-0

[Event "Niedersachsen-ch"]
[Site "Verden"]
[Date "2013.01.05"]
[Round "6"]
[White "Woestmann, Hans Joachim"]
[Black "Wiebe, Patrick Martin"]
[Result "0-1"]
[WhiteElo "2099"]
[BlackElo "2189"]
[PlyCount "106"]
[EventDate "2013.01.03"]
[EventType "swiss"]
[EventRounds "7"]
[EventCountry "GER"]
[SourceTitle "EXT 2014"]
[Source "ChessBase"]
[SourceDate "2013.11.20"]
[SourceVersion "1"]
[SourceVersionDate "2013.11.20"]
[SourceQuality "1"]

1. Nf3 d5 2. d4 c6 3. c4 Nf6 4. Nc3 e6 5. e3 Nbd7 6. Qc2 a6 7. b3 Bb4 8. a3 Ba5 9. Bb2 0-0 10. Be2 Qe7 11. 0-0 Re8 12. Rfe1 dxc4 13. bxc4 c5 14. a4 b6 15. Red1 cxd4 16. exd4 Bb4 17. Qb3 Bb7 18. Rab1 Rab8 19. Bc1 Bd6 20. h3 e5 21. dxe5 Nxe5 22. Nd4 Bc5 23. Be3 Qc7 24. Qc2 g6 25. a5 bxa5 26. Rb2 Nc6 27. Nd5 Nxd5 28. cxd5 Nb4 29. Qc1 Rbc8 30. Bf4 Qb6 31. Qd2 Bxd5 32. Bf3 Bxf3 33. Nxf3 Rcd8 34. Qc1 Rxd1+ 35. Qxd1 Qf6 36. Bc1 Rd8 37. Rd2 Rxd2 38. Qxd2 Qd6 39. Qe2 Nd3 40. Bh6 Qd8 41. Qd1 Be7 42. Qa4 Nb2 43. Qb3 Qd1+ 44. Qxd1 Nxd1 45. Bf4 Bc5 46. Kf1 Nxf2 47. Ke2 f5 48. Ne5 Ne4 49. Kd3 Bd6 50. Kc4 g5 51. Bh2 a4 52. Kd5 a3 53. Bg1 Nc3+ 0-1

[Event "Niedersachsen-ch"]
[Site "Verden"]
[Date "2013.01.04"]
[Round "3"]
[White "Wiebe, Patrick Martin"]
[Black "Tonndorf, Matthias"]
[Result "0-1"]
[WhiteElo "2189"]
[BlackElo "2234"]
[PlyCount "116"]
[EventDate "2013.01.03"]
[EventType "swiss"]
[EventRounds "7"]
[EventCountry "GER"]
[SourceTitle "EXT 2014"]
[Source "ChessBase"]
[SourceDate "2013.11.20"]
[SourceVersion "1"]
[SourceVersionDate "2013.11.20"]
[SourceQuality "1"]

1. c4 c5 2. g3 Nf6 3. Bg2 e6 4. Nf3 Be7 5. d4 cxd4 6. Nxd4 a6 7. 0-0 Qc7 8. b3 0-0 9. Bb2 d6 10. Nc3 Nbd7 11. Rc1 Re8 12. e4 Bf8 13. Nc2 Rb8 14. Qe2 b6 15. Kh1 Bb7 16. f4 Rbc8 17. g4 h6 18. h4 g6 19. Bf3 Nh7 20. g5 h5 21. Ne3 Bg7 22. Ncd1 Bxb2 23. Nxb2 d5 24. e5 dxc4 25. Nbxc4 Bxf3+ 26. Qxf3 b5 27. Nd6 Qxc1 28. Rxc1 Rxc1+ 29. Kg2 Rb8 30. Qe2 Nhf8 31. Qd2 Rc7 32. Nc2 Nb6 33. Nd4 Nd5 34. f5 exf5 35. N4xf5 Ne6 36. Kf1 Nef4 37. Ne3 Nxe3+ 38. Qxe3 Ne6 39. Ke1 a5 40. Kd1 b4 41. Qe4 Ra7 42. Qd5 Rd8 43. Kc2 Rda8 44. Kb1 a4 45. bxa4 Ra5 46. Qc6 Nf8 47. Qc4 R5a7 48. Qd5 Ne6 49. Qf3 Rf8 50. Qf6 Nc5 51. Qf2 Ra5 52. Qf6 Nd7 53. Qe7 Nxe5 54. Ne8 Ng4 55. Qxb4 Ra7 56. Qe4 Ra5 57. Kb2 Ra6 58. Nc7 Rb6+ 0-1